| 000 | 01089nam a2200241 i 4500 | ||
|---|---|---|---|
| 001 | 67879 | ||
| 003 | ES-MaACL | ||
| 005 | 20260622131541.0 | ||
| 007 | ta | ||
| 008 | 040216s1960 sp ||||1| spa d | ||
| 040 |
_aES-MaACL _bspa _cES-MaACL _erda |
||
| 080 | _a929 Velázquez, Diego | ||
| 245 | 0 | 0 |
_aVaria velazqueña : _bhomenaje a Velázquez en el III centenario de su muerte, 1660-1960 / _c[edición planeada, dirigida y anotada por Don Antonio Gallego y Burín]. |
| 260 |
_aMadrid : _bMinisterio de Educación y Ciencia, Dirección General de Bellas Artes, _c1960. |
||
| 300 |
_a2 v., 250 lám. ; _c27 cm. |
||
| 505 | 0 | _aI. Estudios sobre Velázquez y su obra (X, 711 p., 1 h.) ; II. Elogios poéticos, Textos y comentarios críticos, Documentos, Cronología, Láminas e índices (428 páginas, 8 h., 250 h. de lám.) | |
| 600 | 1 | 4 |
_aVelázquez, Diego, _d1599-1660 _9113793 |
| 700 | 1 |
_aGallego y Burín, Antonio, _d1895-1961 _953594 _epbd _4pbd |
|
| 852 |
_aES-MaACL _jC-19607-8 _bR.47245 |
||
| 942 | _cMONOGRAFIA | ||
| 999 |
_c67879 _d67879 |
||